One Million Population Russian Cities - Sudden Death - Statistics

General Stats
  • This quiz has been taken 70 times
  • The average score is 12 of 16
Answers on the Grid
Answers color-coded by a green-red scale on the quiz's grid according to % correct below.
Artëm
Chelyabinsk
Domodedovo
Grozny
Kazan
Krasnodar
Krasnoyarsk
Moscow
Murmansk
Nizhny Novgorod
Novosibirsk
Obinsk
Omsk
Perm
Pskov
Rostov-on-Don
Saint Petersburg
Samara
Serpuchov
Ufa
Volgograd
Voronezh
Yakutsk
Yekaterinburg
 
Answer Stats
Answer % Correct
13,149,000 Moscow
91%
5,598,000 Saint Petersburg
89%
1,019,000 Volgograd
84%
1,536,000 Yekaterinburg
82%
1,318,000 Kazan
78%
1,205,000 Nizhny Novgorod
78%
1,163,000 Ufa
78%
1,634,000 Novosibirsk
76%
1,140,000 Rostov-on-Don
75%
1,027,000 Perm
71%
1,177,000 Chelyabinsk
69%
1,104,000 Omsk
65%
1,138,000 Krasnodar
62%
1,159,000 Samara
62%
1,049,000 Voronezh
60%
1,205,000 Krasnoyarsk
55%
No matching quizzes found
Score Distribution
Percent of People with Each Score
Percentile by Number Answered
Your Score History
You have not taken this quiz